| 000 | 00472pab a2200181 454500 | ||
|---|---|---|---|
| 008 | 180718b2014 xxu||||| |||| 00| 0 eng d | ||
| 100 | _aTheakston, Kevin | ||
| 245 | _aThe ministerial foothills: Labour government junior ministers 1997-2010 | ||
| 260 | _c2014 | ||
| 300 | _ap.688-707. | ||
| 362 | _aJul | ||
| 650 | _aPoltics and government | ||
| 700 | _aAtkins, Judi | ||
| 700 | _aGill, Mark | ||
| 773 | _aParliamentary Affairs | ||
| 908 | _aN | ||
| 909 | _a105143 | ||
| 999 |
_c105138 _d105138 |
||